• 首页
  • 本馆介绍
  • 公告通知
  • 最新文献
  • 馆藏检索
  • 电子资源
  • 读者导购
  • 参考咨询
  • 我的图书馆
  • 登录
  • 详细信息显示
  • 放入我的书架
  • 预约/预借图书
  • 作者相关作品
  • 分类相关作品
  • 丛书相关作品
  • 出版社相关作品

书目信息

  • 表格格式
  • 工作单格式
  • 卡片格式
题名:
环境土壤学
    
 
作者: 陈怀满 主编
分册:  
出版信息: 北京   科学出版社  2006.50
页数:
开本: 16开
丛书名:
单 册:
中图分类: X144
科图分类:
主题词: 环境地学
电子资源:
ISBN: 7-03-014903-3
000 00507nam0 2200181 450
001 0736196517
005 20070924100316.51
010    @a7-03-014903-3@d¥52.00
100    @a20070924d km y0chiy0120 ea
101 0  @achi
200 1  @a环境土壤学@Ahuan jing tu rang xue@f陈怀满 主编@Fchen huai man zhu bian
210    @a北京@c科学出版社@d2006.50
215    @d16开
606 0  @a环境地学
690    @aX144@v3
701  0 @a陈怀满@Achen huai man@4主编
801  0 @aCN@bPFT@c20070924
905    @a213230@dX144@eZY114@f1
    
    环境土壤学/陈怀满 主编.-北京:科学出版社,2006.50
    16开
    
    
    ISBN 7-03-014903-3:¥52.00
    
●
相关链接 在E读中查询图书 在五车中查询图书 在当当中查询图书 在豆瓣中查询图书


正题名:环境土壤学     索取号:X144/ZY114         预约/预借

序号 登录号 条形码 馆藏地/架位号 状态 备注
1 7901870   279018705   密集书库-资源管理系/ [索取号:X144/ZY114] 在馆    
唐山师范学院图书馆 欢迎您!
大连网信软件有限公司© 版权所有